[Event "Gilbert Cup"]
[Site "Stirling"]
[Date "2023.08.20"]
[Round "5"]
[White "Mitraka, Chrysa"]
[Black "Bridgeman, Niamh"]
[Result "0-1"]
[WhiteElo "1195"]
[BlackElo "1795"]
[PlyCount "46"]
[EventDate "2023.08.18"]
[EventType "team-tourn"]
[EventRounds "6"]
[EventCountry "SCO"]
[SourceTitle "EXT 2024"]
[Source "ChessBase"]
[SourceDate "2023.10.10"]
[SourceVersion "1"]
[SourceVersionDate "2023.10.10"]
[SourceQuality "1"]
[WhiteTeam "Scotland"]
[BlackTeam "England"]
[WhiteTeamCountry "SCO"]
[BlackTeamCountry "ENG"]

1. d4 e6 2. c4 f5 3. g3 Nf6 4. Bg2 d5 5. cxd5 exd5 6. Nf3 Bd6 7. Nc3 c6 8. 0-0 0-0 9. Re1 Nbd7 10. b3 Qe8 11. Qc2 Qh5 12. Ng5 Nb6 13. Nh3 f4 14. Nxf4 Bxf4 15. Bxf4 Ng4 16. h4 g5 17. hxg5 Qh2+ 18. Kf1 Qxg3 19. e3 Qh4 20. f3 Rxf4 21. exf4 Bf5 22. Qd2 Bd3+ 23. Re2 Qf2# 0-1

[Event "Gilbert Cup"]
[Site "Stirling"]
[Date "2023.08.19"]
[Round "4"]
[White "Bridgeman, Niamh"]
[Black "Sengupta, Sohana"]
[Result "1-0"]
[WhiteElo "1795"]
[BlackElo "1262"]
[PlyCount "129"]
[EventDate "2023.08.18"]
[EventType "team-tourn"]
[EventRounds "6"]
[EventCountry "SCO"]
[SourceTitle "EXT 2024"]
[Source "ChessBase"]
[SourceDate "2023.10.10"]
[SourceVersion "1"]
[SourceVersionDate "2023.10.10"]
[SourceQuality "1"]
[WhiteTeam "England"]
[BlackTeam "England II"]
[WhiteTeamCountry "ENG"]
[BlackTeamCountry "ENG"]

1. d4 d5 2. Nf3 Nf6 3. e3 e6 4. Bd3 c5 5. b3 Be7 6. 0-0 0-0 7. Bb2 b6 8. Ne5 Bb7 9. Nd2 Nc6 10. f4 Rc8 11. Ndf3 Nd7 12. Nxc6 Bxc6 13. c4 Bf6 14. Qc2 h6 15. Rac1 Qc7 16. Ne5 Bb7 17. cxd5 Bxd5 18. Ng4 Qd8 19. Nxf6+ Nxf6 20. dxc5 Rxc5 21. Qe2 Rxc1 22. Rxc1 Re8 23. Bb5 Nd7 24. e4 Bb7 25. Rd1 Bc8 26. Bxd7 Bxd7 27. Qd3 Qc8 28. Qxd7 Qb8 29. Qd6 Qb7 30. Qd4 f6 31. Qd7 Qa8 32. Rc1 Qd8 33. Rc7 Qxd7 34. Rxd7 a6 35. Rd6 b5 36. Rxa6 Rd8 37. Kf1 Rd1+ 38. Ke2 Rh1 39. h3 Rg1 40. Kf2 Rd1 41. Bc3 Rc1 42. Bb4 Rc2+ 43. Kf3 Kf7 44. f5 exf5 45. exf5 Rc1 46. Ra7+ Kg8 47. Ra8+ Kh7 48. Ra5 Rf1+ 49. Ke4 Rf2 50. g4 Rh2 51. Rxb5 Rxa2 52. Rb7 Re2+ 53. Kf3 Re8 54. Bc3 Kg8 55. Rc7 Rb8 56. b4 Kf8 57. Ke4 Rd8 58. b5 Rb8 59. Rc5 Ke8 60. Kd5 Kd7 61. Ba5 Rb7 62. Rc7+ Rxc7 63. Bxc7 Kxc7 64. Kc5 Kb7 65. b6 1-0

[Event "Harrogate 4NCL op-A 29th"]
[Site "Harrogate"]
[Date "2023.01.21"]
[Round "2"]
[White "Surtees, Michael"]
[Black "Bridgeman, Niamh"]
[Result "1-0"]
[WhiteElo "2070"]
[BlackElo "1769"]
[PlyCount "67"]
[EventDate "2023.01.20"]
[EventType "swiss"]
[EventRounds "5"]
[EventCountry "ENG"]
[SourceTitle "CBM 212 Extra"]
[Source "ChessBase"]
[SourceDate "2023.03.31"]
[SourceVersion "1"]
[SourceVersionDate "2023.03.31"]
[SourceQuality "1"]

1. e4 e6 2. a3 d5 3. e5 c5 4. b4 b6 5. d4 Qd7 6. c3 Ba6 7. Bxa6 Nxa6 8. Qe2 Qa4 9. Qb2 Ne7 10. Ne2 Nf5 11. 0-0 Rc8 12. dxc5 bxc5 13. Ng3 Nxg3 14. hxg3 Be7 15. Nd2 h5 16. Nf3 h4 17. gxh4 Bxh4 18. g3 Be7 19. Kg2 Qb5 20. Bf4 d4 21. Rh1 Rxh1 22. Rxh1 cxb4 23. cxb4 Rc3 24. Bd2 Rc7 25. Qxd4 Rd7 26. Rh8+ Bf8 27. Qg4 f6 28. Qxe6+ Kd8 29. Rxf8+ Kc7 30. exf6 gxf6 31. Bf4+ Kb7 32. Rf7 Rxf7 33. Qxf7+ Kb6 34. Be3+ 1-0

[Event "Birmingham op"]
[Site "Birmingham"]
[Date "2022.11.20"]
[Round "5"]
[White "Duncan, Patrick"]
[Black "Bridgeman, Niamh"]
[Result "1-0"]
[WhiteElo "2088"]
[BlackElo "1948"]
[PlyCount "98"]
[EventDate "2022.11.19"]
[EventType "swiss"]
[EventRounds "5"]
[EventCountry "ENG"]
[SourceTitle "CBM 211 Extra"]
[Source "ChessBase"]
[SourceDate "2023.01.31"]
[SourceVersion "1"]
[SourceVersionDate "2023.01.31"]
[SourceQuality "1"]

1. b3 d5 2. Bb2 c5 3. e3 Nf6 4. Nf3 g6 5. Bb5+ Nbd7 6. Bxf6 exf6 7. 0-0 Bg7 8. d4 f5 9. c3 cxd4 10. Nxd4 0-0 11. Bxd7 Bxd7 12. a4 Qc7 13. f4 Rfe8 14. Qd3 a6 15. a5 Re7 16. Re1 Rc8 17. g3 Qc5 18. Kf2 Be8 19. Ra2 Bd7 20. b4 Qc4 21. Qxc4 Rxc4 22. Rc2 Ba4 23. Rcc1 Rec7 24. Ke2 Bxd4 25. exd4 Re7+ 26. Kf2 Rcc7 27. Rxe7 Rxe7 28. Nd2 Bb5 29. Re1 Kf8 30. Nb3 Rxe1 31. Kxe1 Ke7 32. Nc5 Bc6 33. Kd2 f6 34. Kd3 g5 35. Ke3 h5 36. h4 gxh4 37. gxh4 Kd6 38. Kd2 Ke7 39. Kc2 Kd6 40. Kb3 Ke7 41. Nd3 Bb5 42. Nf2 Bc4+ 43. Ka3 Kf7 44. Nd1 Ke6 45. Ne3 Bd3 46. Kb3 Bb5 47. c4 dxc4+ 48. Kc3 Kd6 49. Nxf5+ Kd5 1-0

[Event "Birmingham op"]
[Site "Birmingham"]
[Date "2022.11.19"]
[Round "2"]
[White "Bridgeman, Niamh"]
[Black "Wareing, John P"]
[Result "1-0"]
[WhiteElo "1948"]
[BlackElo "2008"]
[PlyCount "54"]
[EventDate "2022.11.19"]
[EventType "swiss"]
[EventRounds "5"]
[EventCountry "ENG"]
[SourceTitle "CBM 211 Extra"]
[Source "ChessBase"]
[SourceDate "2023.01.31"]
[SourceVersion "1"]
[SourceVersionDate "2023.01.31"]
[SourceQuality "1"]

1. d4 c5 2. e3 e6 3. Nf3 Nf6 4. b3 b6 5. Bb2 Bb7 6. Bd3 Nc6 7. a3 Qc7 8. c4 cxd4 9. exd4 Bd6 10. Nc3 a6 11. Qe2 g5 12. Nxg5 Nxd4 13. Nd5 Nxd5 14. Qh5 Rf8 15. cxd5 Nxb3 16. Rd1 Bxd5 17. Bg7 0-0-0 18. Bxa6+ Kb8 19. Nxf7 Bxa3 20. Nxd8 Bb4+ 21. Kf1 Rxd8 22. Qh4 Qc2 23. Qxd8+ Ka7 24. Be2 Bc4 25. Qc7+ Ka6 26. Bxc4+ b5 27. Bxb5+ Kxb5 1-0

[Event "English Online Blitz (Women)"]
[Site "Chess.com INT"]
[Date "2020.05.16"]
[Round "1.34"]
[White "Bridgeman, Niamh"]
[Black "Somton, Anita"]
[Result "1/2-1/2"]
[WhiteElo "1664"]
[BlackElo "1818"]
[PlyCount "126"]
[EventDate "2020.05.16"]
[EventType "k.o. (blitz)"]
[EventRounds "4"]
[EventCountry "ENG"]
[SourceTitle "CBM 196 Extra"]
[Source "ChessBase"]
[SourceDate "2020.07.31"]
[SourceVersion "1"]
[SourceVersionDate "2020.07.31"]
[SourceQuality "1"]

1. d4 d5 2. Nf3 Nf6 3. e3 c6 4. Bd3 Bg4 5. Nbd2 e6 6. 0-0 Bd6 7. b3 Nbd7 8. Bb2 0-0 9. c4 e5 10. dxe5 Nxe5 11. Be2 Nxf3+ 12. Nxf3 Ne4 13. cxd5 cxd5 14. Qd4 Nf6 15. Rfd1 Re8 16. Rac1 a6 17. h3 Be6 18. Rc2 Rc8 19. Rdc1 Qa5 20. Rxc8 Rxc8 21. Rxc8+ Bxc8 22. Qc3 Qd8 23. Nd2 Bd7 24. Bd3 Bc6 25. Bf5 Qe7 26. Nf3 Bb4 27. Qd4 Bc5 28. Qc3 Bb4 29. Qe5 Qxe5 30. Bxe5 Nd7 31. Bb2 g6 32. Bxd7 Bxd7 33. Nd4 Kf8 34. Kf1 Ke7 35. Ke2 Kd6 36. Kd3 Bc5 37. a3 Bxd4 38. Kxd4 Be6 39. Bc3 Bd7 40. Bb4+ Ke6 41. Kc5 Bc6 42. Kb6 Ke5 43. f3 d4 44. exd4+ Kxd4 45. Kc7 Ke3 46. Kd6 Kf2 47. Ke7 Bd5 48. Kf6 Kxg2 49. h4 Kxf3 50. Be1 Bxb3 51. Kg7 h5 52. Kf6 Kg4 53. Bf2 a5 54. Be1 a4 55. Bf2 b5 56. Be1 Kf3 57. Kg5 Ke4 58. Bc3 Kd3 59. Bb4 Kc4 60. Be7 Kd5 61. Bb4 Kc4 62. Be7 Kd5 63. Bb4 Kc4 1/2-1/2

[Event "South Normanton 4NCL op-B 23rd"]
[Site "South Normanton"]
[Date "2019.10.05"]
[Round "3"]
[White "Bridgeman, Niamh"]
[Black "Sudar, Dragoljub"]
[Result "1-0"]
[WhiteElo "1534"]
[BlackElo "1810"]
[PlyCount "98"]
[EventDate "2019.10.04"]
[EventType "swiss"]
[EventRounds "5"]
[EventCountry "ENG"]
[SourceTitle "CBM 193 Extra"]
[Source "ChessBase"]
[SourceDate "2020.01.31"]
[SourceVersion "1"]
[SourceVersionDate "2020.01.31"]
[SourceQuality "1"]

1. f4 d5 2. Nf3 Nf6 3. e3 c5 4. b3 Nc6 5. Bb2 e6 6. Bb5 Bd7 7. 0-0 Be7 8. d3 Qb6 9. Bxc6 Bxc6 10. c4 dxc4 11. dxc4 Rd8 12. Qe2 0-0 13. Nc3 Qc7 14. Rad1 a6 15. Ne5 Bd6 16. Nxc6 Qxc6 17. e4 Be7 18. e5 Nd7 19. Rf3 f6 20. exf6 Bxf6 21. Na4 Bxb2 22. Nxb2 Nf6 23. Re3 Rxd1+ 24. Nxd1 Rd8 25. Nc3 Kf7 26. f5 exf5 27. Re7+ Kf8 28. Qe5 Re8 29. Rxe8+ Qxe8 30. Qxc5+ Qe7 31. Qxe7+ Kxe7 32. Kf2 Kd6 33. h3 Ke5 34. Ke3 g5 35. g3 h5 36. Ne2 Nd7 37. h4 gxh4 38. gxh4 Nf6 39. Nf4 Ng4+ 40. Kf3 Nf6 41. Ke3 a5 42. Nd3+ Kd6 43. Kf4 Ne4 44. Kxf5 Nc3 45. Kg6 Nxa2 46. Kxh5 Ke7 47. Kg6 Nc3 48. Nc5 b6 49. Na4 b5 1-0

[Event "BCF-ch U12"]
[Site "Hull"]
[Date "2018.08.03"]
[Round "6"]
[White "Yu, Leo"]
[Black "Bridgeman, Niamh"]
[Result "0-1"]
[WhiteElo "1506"]
[BlackElo "1466"]
[PlyCount "62"]
[EventDate "2018.07.29"]
[EventType "swiss"]
[EventRounds "7"]
[EventCountry "ENG"]
[SourceTitle "CBM 186 Extra"]
[Source "ChessBase"]
[SourceDate "2018.08.24"]
[SourceVersion "1"]
[SourceVersionDate "2018.08.24"]
[SourceQuality "1"]

1. e4 e6 2. Nf3 d5 3. Nc3 Nf6 4. e5 Nfd7 5. d4 c5 6. Be3 Nc6 7. Be2 Qb6 8. Na4 Qa5+ 9. c3 cxd4 10. b4 Qc7 11. Bxd4 Ncxe5 12. Nxe5 Nxe5 13. Nc5 Bd7 14. Nxb7 Qxb7 15. Bxe5 Rc8 16. Bd3 f6 17. Bd4 e5 18. Qe2 Kd8 19. Be3 Rxc3 20. Bd2 Rc6 21. b5 Re6 22. Ba5+ Ke7 23. Rc1 e4 24. Bb1 Qxb5 25. Qxb5 Bxb5 26. Rc7+ Ke8 27. Rc8+ Kf7 28. Rb8 Bb4+ 29. Bxb4 Rxb8 30. Bc5 Bc4 31. Bc2 Rb2 0-1

[Event "BCF-ch U12"]
[Site "Hull"]
[Date "2018.08.01"]
[Round "4"]
[White "Hussain, Adam"]
[Black "Bridgeman, Niamh"]
[Result "1-0"]
[WhiteElo "1557"]
[BlackElo "1466"]
[PlyCount "59"]
[EventDate "2018.07.29"]
[EventType "swiss"]
[EventRounds "7"]
[EventCountry "ENG"]
[SourceTitle "CBM 186 Extra"]
[Source "ChessBase"]
[SourceDate "2018.08.24"]
[SourceVersion "1"]
[SourceVersionDate "2018.08.24"]
[SourceQuality "1"]

1. c4 f5 2. Nc3 Nf6 3. g3 e6 4. Bg2 Be7 5. d3 d6 6. e4 fxe4 7. dxe4 e5 8. Nge2 0-0 9. 0-0 Nbd7 10. Qc2 Nb6 11. b3 a6 12. Bb2 Qe8 13. Nd5 Nbxd5 14. cxd5 Bd7 15. a4 Rc8 16. Rac1 Qg6 17. Qd3 Ng4 18. f3 Nf6 19. Rc2 Qh6 20. Bc1 Qh5 21. g4 Qg6 22. Ng3 Qf7 23. Nf5 Bxf5 24. gxf5 g6 25. Bh3 Bd8 26. fxg6 Qg7 27. Rg2 Qe7 28. Bxc8 b6 29. Be6+ Kh8 30. g7+ 1-0

[Event "BCF-ch U12"]
[Site "Llandudno"]
[Date "2017.08.05"]
[Round "7"]
[White "Britnell, Jonathan"]
[Black "Bridgeman, Niamh"]
[Result "1-0"]
[WhiteElo "1518"]
[BlackElo "1645"]
[PlyCount "61"]
[EventDate "2017.07.30"]
[EventType "swiss"]
[EventRounds "7"]
[EventCountry "WLS"]
[SourceTitle "CBM 179 Extra"]
[Source "ChessBase"]
[SourceDate "2017.08.23"]
[SourceVersion "1"]
[SourceVersionDate "2017.08.23"]
[SourceQuality "1"]

1. e4 e6 2. Nf3 d5 3. Nc3 Nf6 4. e5 Nfd7 5. d4 c5 6. dxc5 Nc6 7. Bf4 Nxc5 8. Bd3 Be7 9. Qe2 Nxd3+ 10. Qxd3 a6 11. 0-0-0 Qa5 12. Kb1 Nb4 13. Qd2 Bd7 14. Nd4 Rc8 15. Nb3 Qc7 16. a3 Nc6 17. Rhe1 Na5 18. Nxd5 exd5 19. Nxa5 Bf5 20. Re2 b6 21. Nb3 Qc4 22. Nd4 Bc5 23. Nxf5 g6 24. Nd6+ Bxd6 25. exd6+ Kf8 26. Qd4 Qxd4 27. Rxd4 Rd8 28. Rxd5 h5 29. d7 Kg7 30. Bc7 Rxd7 31. Rxd7 1-0

[Event "BCF-ch U12"]
[Site "Llandudno"]
[Date "2017.08.04"]
[Round "6"]
[White "Bridgeman, Niamh"]
[Black "Kesterson, Kennan"]
[Result "0-1"]
[WhiteElo "1645"]
[BlackElo "1392"]
[PlyCount "96"]
[EventDate "2017.07.30"]
[EventType "swiss"]
[EventRounds "7"]
[EventCountry "WLS"]
[SourceTitle "CBM 179 Extra"]
[Source "ChessBase"]
[SourceDate "2017.08.23"]
[SourceVersion "1"]
[SourceVersionDate "2017.08.23"]
[SourceQuality "1"]

1. f4 d5 2. Nf3 Nc6 3. e3 g6 4. Bb5 Bd7 5. 0-0 Bg7 6. d3 e6 7. Nbd2 Nge7 8. c3 0-0 9. e4 a6 10. Bxc6 Bxc6 11. Qe1 dxe4 12. dxe4 b6 13. Kh1 Bb7 14. Qe3 c5 15. Rd1 Qc7 16. Nc4 Rad8 17. Rxd8 Rxd8 18. Qe2 b5 19. Nce5 Nc6 20. Nxc6 Bxc6 21. Bd2 Qb7 22. Be3 Bxe4 23. Bxc5 Qd5 24. Bb4 Bxf3 25. Qxf3 Qxf3 26. gxf3 Rd2 27. Ba3 Bf8 28. Bxf8 Kxf8 29. Rb1 Rf2 30. Kg1 Rxf3 31. Rf1 Rd3 32. Kg2 Ke7 33. Rf3 Rd5 34. Kg3 Kf6 35. b3 Rd2 36. Rf2 Rd1 37. Rf3 Rd2 38. Rf2 Rxf2 39. Kxf2 Ke7 40. Kf3 Kd6 41. Ke4 Kc5 42. h3 h6 43. a3 g5 44. fxg5 hxg5 45. Ke5 a5 46. Ke4 a4 47. bxa4 bxa4 48. Kf3 e5 0-1

[Event "BCF-ch U12"]
[Site "Llandudno"]
[Date "2017.08.03"]
[Round "5"]
[White "Ray, Hiya"]
[Black "Bridgeman, Niamh"]
[Result "1-0"]
[WhiteElo "1523"]
[BlackElo "1645"]
[PlyCount "100"]
[EventDate "2017.07.30"]
[EventType "swiss"]
[EventRounds "7"]
[EventCountry "WLS"]
[SourceTitle "CBM 179 Extra"]
[Source "ChessBase"]
[SourceDate "2017.08.23"]
[SourceVersion "1"]
[SourceVersionDate "2017.08.23"]
[SourceQuality "1"]

1. d4 e6 2. Nf3 f5 3. d5 Bd6 4. dxe6 dxe6 5. Bg5 Nf6 6. g3 h6 7. Bxf6 Qxf6 8. Nc3 Bb4 9. Qd3 0-0 10. 0-0-0 Bxc3 11. Qxc3 Qxc3 12. bxc3 Nc6 13. Nd4 Ne5 14. h3 a6 15. Bg2 Rb8 16. f4 Nc4 17. Rd3 Rd8 18. Nxf5 Rxd3 19. exd3 exf5 20. dxc4 Be6 21. Bd5 Bxd5 22. cxd5 Rd8 23. c4 b5 24. cxb5 axb5 25. Rd1 h5 26. Rd3 Kf7 27. Kb2 Ke7 28. Kb3 Kd6 29. c4 bxc4+ 30. Kxc4 Ra8 31. a3 Ra5 32. Kb4 Rxd5 33. Rxd5+ Kxd5 34. Kb5 c6+ 35. Kb4 c5+ 36. Kc3 Ke4 37. a4 Kd5 38. a5 Kc6 39. Kc4 g6 40. h4 Kd6 41. a6 Kc6 42. a7 Kb7 43. Kxc5 Kxa7 44. Kd6 Kb6 45. Ke6 Kc5 46. Kf6 Kd4 47. Kxg6 Ke3 48. Kxf5 Kf3 49. Kg5 Kxg3 50. f5 Kf3 1-0

[Event "BCF-ch U11"]
[Site "Llandudno"]
[Date "2017.07.29"]
[Round "6"]
[White "Bridgeman, Niamh"]
[Black "Stewart, Hari"]
[Result "0-1"]
[WhiteElo "126"]
[BlackElo "103"]
[PlyCount "166"]
[EventDate "2017.07.28"]
[EventType "swiss"]
[EventRounds "7"]
[EventCountry "WLS"]
[SourceTitle "CBM 179 Extra"]
[Source "ChessBase"]
[SourceDate "2017.08.23"]
[SourceVersion "1"]
[SourceVersionDate "2017.08.23"]
[SourceQuality "1"]

1. f4 d5 2. Nf3 c5 3. e3 g6 4. Be2 Bg7 5. 0-0 Nc6 6. d3 Nf6 7. Nbd2 0-0 8. Qe1 e6 9. Kh1 Nd7 10. e4 Re8 11. Qg3 Nb6 12. c3 a6 13. Nh4 Na4 14. Ndf3 f5 15. e5 b5 16. Qf2 c4 17. d4 Nb6 18. Ne1 a5 19. Nc2 b4 20. Bd2 bxc3 21. bxc3 Bd7 22. Rab1 Nc8 23. Rb2 Ra6 24. Rfb1 Rb6 25. Na3 Rxb2 26. Rxb2 N8a7 27. Qg3 Qe7 28. Nf3 Qxa3 29. Rb7 Bc8 30. Rb1 Qxa2 31. Qe1 Qa3 32. Ra1 Qe7 33. Ra2 Ba6 34. Rb2 Bb5 35. Qa1 a4 36. Bd1 Rb8 37. Bxa4 Bxa4 38. Rxb8+ Nxb8 39. Qxa4 Nbc6 40. Bc1 Qd7 41. Qa6 h6 42. Ba3 Qd8 43. Bc5 Qb8 44. Bxa7 Nxa7 45. Qxe6+ Kh7 46. Qxd5 g5 47. e6 Qb5 48. Qxb5 Nxb5 49. fxg5 hxg5 50. e7 Nd6 51. Nxg5+ Kg6 52. Ne6 Kf6 53. Nxg7 Kxg7 54. Kg1 Kf7 55. Kf2 Kxe7 56. Ke3 Kf6 57. Kf4 Nb5 58. d5 Nxc3 59. d6 Nd5+ 60. Kf3 Ke6 61. h4 Kxd6 62. h5 Ke6 63. Ke2 Kf6 64. h6 Kg6 65. h7 Kxh7 66. Kf3 Kg6 67. Ke2 Kg5 68. Kf3 Kh4 69. g3+ Kh3 70. Kf2 c3 71. Ke2 Kxg3 72. Kd3 f4 73. Kc2 f3 74. Kd3 f2 75. Ke2 Kg2 76. Kd3 f1Q+ 77. Ke4 Qc4+ 78. Ke5 c2 79. Kd6 c1Q 80. Ke5 Qg5+ 81. Ke6 Qc6+ 82. Kf7 Qcf6+ 83. Ke8 Qe7# 0-1

[Event "BCF-ch U11"]
[Site "Llandudno"]
[Date "2017.07.28"]
[Round "2"]
[White "Bridgeman, Niamh"]
[Black "Finn, Elizabeth"]
[Result "0-1"]
[WhiteElo "126"]
[BlackElo "102"]
[PlyCount "156"]
[EventDate "2017.07.28"]
[EventType "swiss"]
[EventRounds "7"]
[EventCountry "WLS"]
[SourceTitle "CBM 179 Extra"]
[Source "ChessBase"]
[SourceDate "2017.08.23"]
[SourceVersion "1"]
[SourceVersionDate "2017.08.23"]
[SourceQuality "1"]

1. f4 d5 2. Nf3 Nf6 3. e3 e6 4. b3 b6 5. Bb2 Bb7 6. Be2 Be7 7. 0-0 0-0 8. d3 Nbd7 9. Ne5 c5 10. Nd2 Qc7 11. Nxd7 Qxd7 12. Nf3 Rfd8 13. Ne5 Qc7 14. Qe1 Nd7 15. Qg3 f6 16. Nxd7 Qxd7 17. Bg4 Rf8 18. Rae1 Rae8 19. Rd1 Bd6 20. c4 Qc7 21. cxd5 exd5 22. Bf5 Qe7 23. Rde1 Ba6 24. Qh3 g6 25. Bd7 Rd8 26. Be6+ Kg7 27. Bxd5 Bxd3 28. Rf3 Bxf4 29. Rxf4 Rxd5 30. e4 Rdd8 31. Rd1 Ba6 32. Rxd8 Qxd8 33. Qf3 Bb7 34. g4 g5 35. Rf5 Kg6 36. Qe2 Qe7 37. e5 Bc8 38. Rxf6+ Rxf6 39. Qd3+ Bf5 40. exf6 Qe1+ 41. Qf1 Qxf1+ 42. Kxf1 Bxg4 43. Kf2 Bf5 44. Ke3 Kf7 45. Kd2 h5 46. Kc1 h4 47. Kd2 a5 48. Ke3 Bb1 49. Kf3 Bxa2 50. Kg4 Kg6 51. f7 Kxf7 52. Kxg5 Bxb3 53. Kxh4 b5 54. Kg5 c4 55. h4 Bd1 56. h5 Bxh5 57. Kxh5 b4 58. Kg4 c3 59. Ba1 a4 60. Kf3 c2 61. Bb2 a3 62. Bc1 a2 63. Bb2 a1Q 64. Bxa1 c1Q 65. Bd4 b3 66. Ke2 b2 67. Bxb2 Qxb2+ 68. Kd3 Ke6 69. Ke3 Qb4 70. Kd3 Qf4 71. Kc3 Qe4 72. Kb3 Qd4 73. Ka3 Qb6 74. Ka2 Qb4 75. Ka1 Kd5 76. Ka2 Kc4 77. Ka1 Kc3 78. Ka2 Qb2# 0-1